000 00203 a2200097 4500
001 7982
100 _aPrice, G W
245 _aExtra-special correspondent
260 _a
_bHarrap
_c
090 _c6392
_d6392
942 _aNUST-CAE
_cM
_c32925
999 _c243055
_d243055